| 000 | 00425 a2200145 4500 | ||
|---|---|---|---|
| 082 | _a625.76 NAT | ||
| 090 |
_c3484 _d3484 |
||
| 110 |
_aNATIONAL RESEARCH COUNCIL _937043 |
||
| 245 | _aHIGHWAY MAINTENANCE STUDIES | ||
| 260 |
_aWASHINGTON _bNATIONAL ACADEMY OF SCIENCES _c1957 |
||
| 300 | _a17 P, PB | ||
| 500 | _aHIGHWAY MAINTENANCE STUDIES | ||
| 526 |
_a0 _b0 _c0 _d625_760000000000000_NAT |
||
| 942 |
_2ddc _aMCE _cD _k625.76 NAT |
||
| 999 |
_c547586 _d547586 |
||